000 01405nam a22002177a 4500
999 _c63347
_d63347
003 Ge_BSU
005 20250923160839.0
008 250923s2025 ge ||||| |||| 00| 0 geo d
020 _a9789941880797
041 _ageo
080 _a323 ფ-97
100 _aფუტკარაძე, კახა
_925852
245 _aკონტრტერორიზმი და ამბოხებულებთან ბრძოლა /
_cკახა ფუტკარაძე; სამეცნიერო რედაქტორი ზურაბ ზერეკიძე, იოსებ ჯაფარიძე; სსიპ- დავით აღმაშენებლის სახელობის საქართველოს ეროვნული თავდაცვის აკადემია.
264 _aგორი :
_bეროვნული თავდაცვის აკადემია,
_c2025 .
300 _a216 გვ.;
_b28 სმ.
653 _aტერორიზმი
653 _aსაერთაშორისო უსაფრთხოება
700 _aზერეკიძე , ზურაბ
_eსამეცნიერო რედაქტორი
_925853
700 _aჯაფარიძე , იოსებ
_eსამეცნიერო რედაქტორი
_925854
942 _2udc
_cᲬᲘᲒᲜᲘ